Loading...
| Current Events | 2 | 20.00 | 100% | 100% | 0% |
| Fine Arts - Auditory Fine Arts | 5 | 26.00 | 100% | 100% | 60% |
| Fine Arts - Other Fine Arts | 3 | 13.33 | 100% | 33% | 0% |
| Fine Arts - Visual Fine Arts | 6 | 18.33 | 100% | 83% | 0% |
| Geography | 1 | 30.00 | 100% | 100% | 100% |
| History - American History | 4 | 10.00 | 100% | 0% | 0% |
| History - European History | 6 | 18.33 | 100% | 67% | 17% |
| History - Other History | 7 | 17.14 | 100% | 57% | 14% |
| History - World History | 2 | 15.00 | 100% | 50% | 0% |
| Literature - American Literature | 2 | 10.00 | 100% | 0% | 0% |
| Literature - British Literature | 5 | 26.00 | 100% | 80% | 80% |
| Literature - European Literature | 6 | 20.00 | 100% | 50% | 50% |
| Literature - World Literature | 3 | 13.33 | 100% | 33% | 0% |
| Mythology | 7 | 17.14 | 100% | 71% | 0% |
| Other Academic | 1 | 10.00 | 100% | 0% | 0% |
| Philosophy | 5 | 22.00 | 100% | 80% | 40% |
| Pop Culture | 3 | 20.00 | 100% | 67% | 33% |
| Popular Culture | 1 | 20.00 | 100% | 100% | 0% |
| Religion | 3 | 13.33 | 100% | 33% | 0% |
| Science - Biology | 7 | 10.00 | 86% | 0% | 14% |
| Science - Chemistry | 4 | 12.50 | 100% | 25% | 0% |
| Science - Other Science | 6 | 18.33 | 100% | 67% | 17% |
| Science - Physics | 5 | 12.00 | 100% | 20% | 0% |
| Social Science | 3 | 23.33 | 100% | 100% | 33% |